[Event "New York International"]
[Site "New York"]
[Date "1984.??.??"]
[Round "9"]
[White "Gheorghiu, Florin"]
[Black "London, Dimitri"]
[Result "1-0"]
[WhiteElo "2495"]
[BlackElo "2335"]
[PlyCount "83"]
[EventDate "1984.04.??"]
[EventType "swiss"]
[EventRounds "9"]
[EventCountry "USA"]
[SourceTitle "MCD"]
[Source "ChessBase"]
[SourceDate "1999.07.01"]
[SourceVersion "1"]
[SourceVersionDate "1999.07.01"]
[SourceQuality "1"]

1. c4 Nf6 2. Nc3 d5 3. cxd5 Nxd5 4. g3 g6 5. Bg2 Nb6 6. d3 Nc6 7. Be3 Bg7 8. Qc1 Nd4 9. Nf3 e5 10. 0-0 h6 11. Re1 c6 12. Ne4 Nd5 13. Bxd4 exd4 14. Qc5 Qe7 15. Rac1 Qxc5 16. Nxc5 0-0 17. Nb3 Rd8 18. Nbxd4 Nb4 19. Rc4 c5 20. Nb5 Nxa2 21. Rxc5 Bf8 22. Rc2 Bd7 23. Nfd4 Bg7 24. Ra1 a6 25. Nc7 Rab8 26. Rxa2 Bxd4 27. b3 Rdc8 28. Nd5 Kf8 29. e3 Bg7 30. Nb6 Rxc2 31. Rxc2 Be6 32. Rc7 Rd8 33. d4 Bxb3 34. Rxb7 Kg8 35. Ra7 Rd6 36. Nc8 Re6 37. Ne7+ Kf8 38. Nc6 Bc4 39. d5 Re8 40. d6 Bf6 41. d7 Re6 42. Ra8+ 1-0